| 000 | 00407nam a2200145Ia 4500 | ||
|---|---|---|---|
| 000 | 00407nam a22001337a 4500 | ||
| 008 | 211106s9999 xx 000 0 und d | ||
| 100 | _aEnriquez Harper , Gilberto | ||
| 245 | 0 | _aGuía Práctica para el Cálculo de Instalaciones Eléctricas | |
| 260 | _amexico .LIMUSA.2000. | ||
| 300 | _a471p. | ||
| 650 | _aINGENIERIA ELECTRICA | ||
| 942 | _aBK | ||
| 999 |
_c6809 _d6809 |
||